LEADER 00941cam1 22002531 450 001 SOBE00056197 005 20180208110920.0 100 $a20170620d1818 |||||ita|0103 ba 101 $afre 102 $aFR 200 1 $aÉtrennes aux jeunes gens, ou Nouveaux contes moraux de Mrs. Opie, traduits de l'anglais par Mme Elisabeth de Bon 210 $aParis$cd'Alexis Eymery$d1818 215 $a2 volumi$d16° 463 1$1001SOBE00056198$12000 $aTome premier 463 1$1001SOBE00056199$12000 $aTome second 700 1$aOpie$b, Amelia$3SOBA00014848$4070$0773335 702 1$aBon, Élisabeth : de$3SOBA00014849$4070 712 02$a*Eymery, Alexis$3SOBA00014850$4070 801 0$aIT$bBEM$c20180208$gRICA 912 $aSOBE00056197 940 $aM 103 Monografia antica SBN 941 $aM 996 $aÉtrennes aux jeunes gens, ou Nouveaux contes moraux de Mrs. Opie, traduits de l'anglais par Mme Elisabeth de Bon$91725951 997 $aUNISOB LEADER 01001nam0 22002411i 450 001 UON00201503 005 20231205103255.724 100 $a20030730d1935 |0itac50 ba 101 $afre 102 $aFR 105 $a|||| ||||| 200 1 $aSept-sort$fEdith Thomas 210 $aParis$cGallimard$d1935. 223 p. ; 21 cm. Testo in fotocopie. 316 $aTesto in fotocopia$5IT-UONSI FranceseVI ATHO/01 620 $aFR$dParis$3UONL002984 700 1$aTHOMAS$bEdith$3UONV120358$0173828 712 $aGallimard$3UONV246610$4650 801 $aIT$bSOL$c20240220$gRICA 912 $aUON00201503 950 $aSIBA - SISTEMA BIBLIOTECARIO DI ATENEO$dSI Francese Franc Microfiche $eSI LO 60717 7 950 $aSIBA - SISTEMA BIBLIOTECARIO DI ATENEO$dSI Francese VI A THO 01 $eSI LO 60729 5 01 Testo in fotocopia 996 $aSept-sort$91254388 997 $aUNIOR